| 000 | 00766nam a22002415a 4500 | ||
|---|---|---|---|
| 005 | 20201128024045.0 | ||
| 008 | 161207t2013 ii a afrb 001 0 eng d | ||
| 020 | _a9788126542017 | ||
| 040 |
_aEG-ScBUE _beng _cEG-ScBUE _dEG-ScBUE |
||
| 082 | 0 | 4 |
_222 _a620.5 _bRAO |
| 100 | 1 | _aRamachandra, M. S. | |
| 245 | 1 | 0 |
_aNanoscience and nanotechnology : _bfundamentals to frontiers / _cM. S. Ramachandra, Shubra Singh. |
| 260 |
_aNew Delhi : _bWiley, _cc.2013. |
||
| 300 |
_axviii, 370 p. : _bill. ; _c24 cm. |
||
| 500 | _aIndex : p. 365-370. | ||
| 504 | _aIncludes bibliographical references. | ||
| 650 | 7 |
_2BUEsh _95555 _aNanoscience |
|
| 650 | 7 |
_9519 _aNanotechnology. |
|
| 651 | _2BUEsh | ||
| 653 |
_bENGGEN _cDecember2016 |
||
| 700 | 1 | _aSingh, Shubra. | |
| 942 | _2ddc | ||
| 999 |
_c23491 _d23463 |
||